Hazards and the built environment : (Record no. 121332)
[ view plain ]
| 000 -LEADER | |
|---|---|
| fixed length control field | 01082aam a2200349 a 4500 |
| 001 - CONTROL NUMBER | |
| control field | 014500911 |
| 003 - CONTROL NUMBER IDENTIFIER | |
| control field | Uk |
| 005 - DATE AND TIME OF LATEST TRANSACTION | |
| control field | 20230125103141.0 |
| 008 - FIXED-LENGTH DATA ELEMENTS--GENERAL INFORMATION | |
| fixed length control field | 230125s2008 enk b 001 0 eng |
| 020 ## - INTERNATIONAL STANDARD BOOK NUMBER | |
| ISBN | 9780415427302 (pbk.) : |
| 041 ## - LANGUAGE CODE | |
| Language code of text/sound track or separate title | eng |
| 042 ## - AUTHENTICATION CODE | |
| Authentication code | ukblsr |
| 082 00 - DEWEY DECIMAL CLASSIFICATION NUMBER | |
| Classification number | 690.22 |
| 245 10 - TITLE STATEMENT | |
| Title | Hazards and the built environment : |
| Subtitle | attaining built-in resilience / |
| Statement of responsibility, etc | edited by Lee Bosher. |
| 260 ## - PUBLICATION INFORMATION | |
| Place of publication | London : |
| Publisher | Taylor & Francis, |
| Date | 2008. |
| 300 ## - PHYSICAL DESCRIPTION | |
| Physical description | xviii, 382 p. : |
| Other physical details | ill., maps ; |
| Dimensions | 24 cm. |
| 500 ## - GENERAL NOTE | |
| General note | Formerly CIP. |
| 504 ## - BIBLIOGRAPHY, ETC. NOTE | |
| Bibliography, etc | Includes bibliographical references and index. |
| 650 #0 - KEYWORDS | |
| Keywords | Building failures |
| General subdivision | Prevention. |
| 650 #0 - KEYWORDS | |
| Keywords | Building failures |
| General subdivision | Risk assessment. |
| 650 #0 - KEYWORDS | |
| Keywords | Building Standards |
| 650 #0 - KEYWORDS | |
| Keywords | Built Environment |
| 651 ## - SUBJECT ADDED ENTRY--GEOGRAPHIC NAME | |
| Geographic name | United Kingdom |
| 690 ## - BROAD SUBJECT | |
| 9 (RLIN) | 6307 |
| Broad subject | Built Environment |
| 700 1# - ADDED PERSONAL NAME | |
| Added personal author | Bosher, Lee. |
| 942 ## - ADDED ENTRY ELEMENTS (KOHA) | |
| Suppress in OPAC | Do not suppress in OPAC |
| 336 ## - CONTENT TYPE | |
| Content type term | text |
| Source | rdacontent |
| 337 ## - MEDIA TYPE | |
| Media type term | unmediated |
| Source | rdamedia |
| 338 ## - CARRIER TYPE | |
| Carrier type term | volume |
| Source | rdacarrier |
| Lost status | Damaged status | Not for loan | Home library | Current library | Shelving location | Date acquired | Total Checkouts | Full call number | Date last seen | Price effective from | Koha item type |
|---|---|---|---|---|---|---|---|---|---|---|---|
| London | London | Books | 25/01/2023 | 690.22 | 25/01/2023 | 25/01/2023 | Book |